| 000 | 00840cam a22002411 4500 | ||
|---|---|---|---|
| 001 | sa 68012270 | ||
| 003 | DLC | ||
| 005 | 20260227112608.0 | ||
| 008 | 711115s1964 pk r 00010 eng | ||
| 010 | _asa 68012270 //r912 | ||
| 025 | _aPL480:P-E-1226 | ||
| 040 |
_aDLC _cDLC _dDLC |
||
| 043 | _aa-pk--- | ||
| 050 | 0 | 0 |
_aAS569 _b.A7M5 |
| 100 | 1 | 0 | _aMian, Tasnim Q. |
| 245 | 1 | 0 |
_aPrincipal research institutions in Pakistan, _cby Tasnim Q. Mian. |
| 260 | 0 |
_aLahore, _bSocial Sciences Research Centre, University of the Panjab _c[1964] |
|
| 300 |
_a2 v. (ix, 431 p.) _c27 cm. |
||
| 500 | _aStudy made by the Social Sciences Research Centre. | ||
| 650 | 0 |
_aResearch _zPakistan _xDirectories. |
|
| 650 | 0 |
_aLearned institutions and societies _zPakistan _zDirectories. |
|
| 710 | 2 | 0 |
_aUniversity of the Punjab. _bSocial Sciences Research Centre. |
| 999 |
_c84431 _d84431 |
||